|
|
|
|
| LEADER |
00832nta a2200181 i 4500 |
| 001 |
dipl3395 |
| 005 |
20160523091153.0 |
| 008 |
110408s2009 hu om 0|| hun d |
| 040 |
|
|
|a SZTE Diploma Repozitórium
|b hun
|
| 041 |
|
|
|a hun
|
| 100 |
1 |
|
|a Hegedűs György
|
| 245 |
1 |
0 |
|a Labnet keretrendszer feladatkiértékelő modul absztrakt feladat megadása
|h [elektronikus dokumentum] /
|c György Hegedűs
|
| 260 |
|
|
|c 2009
|
| 650 |
|
4 |
|a Informatika
|
| 700 |
1 |
|
|a Bilicki Vilmos
|e ths
|
| 856 |
4 |
0 |
|u http://diploma.bibl.u-szeged.hu/id/eprint/3395/1/2009_hegedus_gyorgy_P_09_16.pdf
|z Dokumentum-elérés
|
| 856 |
4 |
0 |
|u http://diploma.bibl.u-szeged.hu/id/eprint/3395/2/2009_hegedus_gyorgy_P_09_16_biralat.pdf
|z Dokumentum-elérés
|
| 856 |
4 |
0 |
|u http://diploma.bibl.u-szeged.hu/id/eprint/3395/3/2009_hegedus_gyorgy_P_09_16_melleklet.tar.gz
|z Dokumentum-elérés
|